000 00343nam a2200145Ia 4500
008 150201s1956 xx 000 0 und d
082 _a617.5
_bM1956T
100 _aTURNER,G.GREY
245 _aMODERN OPERATIVE SURGERY
250 _a1ST
260 _bCASSELL & COMP
_aLONDON
_c1956
300 _aJan-14
650 _aSURGERY
942 _2ddc
_cBK
999 _c3292
_d3292